100 Largest Countries By Land Area - Statistics

General Stats
  • This quiz has been taken 119 times
    89 since last reset
  • The average score is 69 of 100
Answer Stats
Answer % Correct
Argentina
100%
Brazil
100%
China
100%
Russia
100%
Australia
97%
Canada
97%
India
97%
Saudi Arabia
97%
United States
97%
D.R. Congo
94%
Turkey
94%
Egypt
91%
Kazakhstan
91%
Mexico
91%
Colombia
89%
France
89%
Niger
89%
Pakistan
89%
United Kingdom
89%
Indonesia
86%
Iran
86%
Japan
86%
Nigeria
86%
South Africa
86%
Sudan
86%
Algeria
83%
Finland
83%
Germany
83%
Norway
83%
Peru
83%
Sweden
83%
Ukraine
83%
Chile
80%
Mongolia
80%
Morocco
80%
Rep. of the Congo
80%
Spain
80%
Afghanistan
77%
Iraq
77%
Italy
77%
Libya
77%
South Sudan
77%
Turkmenistan
77%
Uzbekistan
77%
Yemen
77%
Chad
74%
New Zealand
74%
Oman
74%
Thailand
74%
Denmark
71%
Mali
71%
Ethiopia
69%
Malaysia
69%
Somalia
69%
Venezuela
69%
Mozambique
66%
Philippines
66%
Poland
66%
Bolivia
63%
Madagascar
63%
Mauritania
63%
Myanmar
63%
Kenya
60%
Namibia
60%
Vietnam
60%
Belarus
57%
Central African Republic
57%
Ecuador
57%
Paraguay
57%
Romania
57%
Tanzania
57%
Angola
54%
Ghana
54%
Papua New Guinea
54%
Zambia
54%
Uruguay
51%
Zimbabwe
51%
Bangladesh
49%
Botswana
49%
Cambodia
49%
Cameroon
49%
Greece
49%
Laos
49%
Syria
49%
Kyrgyzstan
46%
Tunisia
46%
Gabon
43%
Guyana
43%
Tajikistan
43%
Nepal
40%
North Korea
40%
Uganda
40%
Burkina Faso
37%
Ivory Coast
37%
Senegal
37%
Guinea
34%
Malawi
34%
Eritrea
31%
Suriname
31%
Nicaragua
26%
No matching quizzes found
Score Distribution
Percent of People with Each Score
Percentile by Number Answered
Your Score History
You have not taken this quiz since the last reset